Intermediate accounting / (Record no. 13131)

MARC details
000 -LEADER
fixed length control field 00999cam a2200301 a 4500
001 - CONTROL NUMBER
control field 4909829
003 - CONTROL NUMBER IDENTIFIER
control field mut
005 - DATE AND TIME OF LATEST TRANSACTION
control field 20240606081243.0
008 - FIXED-LENGTH DATA ELEMENTS--GENERAL INFORMATION
fixed length control field 960207s1995 onca b 001 0 eng
010 ## - LIBRARY OF CONGRESS CONTROL NUMBER
LC control number 94078192
020 ## - INTERNATIONAL STANDARD BOOK NUMBER
International Standard Book Number 0256174938 (v. 1)
020 ## - INTERNATIONAL STANDARD BOOK NUMBER
International Standard Book Number 0256174946 (v. 2)
040 ## - CATALOGING SOURCE
Original cataloging agency DLC
Transcribing agency mut
Modifying agency DLC
050 00 - LIBRARY OF CONGRESS CALL NUMBER
Classification number HF 5635
Item number .I529 1995
082 00 - DEWEY DECIMAL CLASSIFICATION NUMBER
Classification number 657/.044
Edition information 20
245 00 - TITLE STATEMENT
Title Intermediate accounting /
246 14 - VARYING FORM OF TITLE
Title proper/short title Dyckman, Dukes, and Davis's Intermediate accounting
250 ## - EDITION STATEMENT
Edition statement 7th Canadian ed.
260 ## - PUBLICATION, DISTRIBUTION, ETC.
Place of publication, distribution, etc. Toronto ;
-- Chicago :
Name of publisher, distributor, etc. Time Mirror Professional Pub.,
Date of publication, distribution, etc. c1995.
300 ## - PHYSICAL DESCRIPTION
Extent 2 v. :
Other physical details ill. ;
Dimensions 29 cm.
440 #4 - SERIES STATEMENT/ADDED ENTRY--TITLE
Title The Irwin series in undergraduate accounting
504 ## - BIBLIOGRAPHY, ETC. NOTE
Bibliography, etc. note Includes bibliographical references and indexes.
650 #0 - SUBJECT ADDED ENTRY--TOPICAL TERM
Topical term or geographic name entry element Accounting.
700 1# - ADDED ENTRY--PERSONAL NAME
Personal name Dyckman, Thomas R.
906 ## - LOCAL DATA ELEMENT F, LDF (RLIN)
a 7
b cbc
c orignew
d 2
e opcn
f 19
g y-gencatlg
942 ## - ADDED ENTRY ELEMENTS (KOHA)
Source of classification or shelving scheme Library of Congress Classification
Koha item type Books
Holdings
Withdrawn status Lost status Source of classification or shelving scheme Damaged status Not for loan Home library Current library Shelving location Date acquired Source of acquisition Serial enumeration / chronology Total checkouts Full call number Barcode Date last seen Price effective from Koha item type
    Library of Congress Classification     Murang'a University of Technology Library Murang'a University of Technology Library General stacks 10/10/2017 Donation-TFC Vol 1   HF 5635 .I529 1995 013986 30/08/2024 10/10/2017 Books
    Library of Congress Classification     Murang'a University of Technology Library Murang'a University of Technology Library General stacks 13/12/2017 Donation TFT     HF 5635 .I529 1995 014885 30/08/2024 13/12/2017 Books
    Library of Congress Classification     Murang'a University of Technology Library Murang'a University of Technology Library General stacks 07/03/2019 Donation -TFC     HF 5635 .I529 1995 025282 30/08/2024 07/03/2019 Books
    Library of Congress Classification     Murang'a University of Technology Library Murang'a University of Technology Library General stacks 16/09/2021 Donation-TFC vol 11   HF 5635 .I529 1995 018249 30/08/2024 16/09/2021 Books